| 000 | 00420nam a22001697a 4500 | ||
|---|---|---|---|
| 003 | OSt | ||
| 008 | 230511b |||||||| |||| 00| 0 eng d | ||
| 020 | _a9788121901116 | ||
| 082 | _a658.5 SHT | ||
| 100 | _a SHARMA,PC | ||
| 245 | _aA Text book Production Engineering | ||
| 250 | _a1st Ed. Reprint | ||
| 260 |
_aN.Delhi _bS Chand and Co. Ltd. _c2013 |
||
| 300 | _a983 | ||
| 650 | _aDecentralization | ||
| 942 |
_2ddc _cBK |
||
| 999 |
_c12022 _d12022 |
||